|
|
|
|
| LEADER |
01281nam a2200265 a 4500 |
| 001 |
c000180156 |
| 003 |
CARM |
| 005 |
20040506185741.0 |
| 008 |
900118s1965 gw 000 0 tib u |
| 019 |
1 |
|
|a 25518053
|5 LACONCORD2021
|
| 035 |
|
|
|a (OCoLC)19937877
|5 LACONCORD2021
|
| 040 |
|
|
|a VU
|b eng
|d VU
|
| 245 |
0 |
0 |
|a Vāgbhata's Astāngahrdayasamhitā :
|b the first five chapters of its Tibetan version. /
|c Edited and rendered into English along with the original Sanskrit by Claus Vogel.
|
| 260 |
|
|
|a Wiesbaden :
|b Kommissionsverlag F. Steiner,
|c 1965.
|
| 300 |
|
|
|a viii, 298 p. ;
|c 23 cm.
|
| 490 |
1 |
|
|a Deutsche Morgenländische Gesellschaft. Abhandlungen für die Kunde des Morgenlandes ;
|v 37, 2.
|
| 500 |
|
|
|a Accompanied by a literary introduction and a running commentary on the Tibetan translating-technique.
|
| 500 |
|
|
|a Sanskrit text transliterated.
|
| 650 |
|
0 |
|a Medicine, Ayurvedic
|v Early works to 1800.
|
| 650 |
|
0 |
|a Medicine, Tibetan.
|
| 700 |
1 |
|
|a Vogel, Claus.
|
| 830 |
|
0 |
|a Abhandlungen für die Kunde des Morgenlandes ;
|v 37, 2.
|
| 852 |
8 |
|
|b CARM
|h A2:AK28B0
|i B05540
|p 0241705
|f BK
|
| 999 |
f |
f |
|i fe8918a5-fc7d-574b-ba91-b1e5fe993bb1
|s c873669f-ee29-567f-8375-96676671942b
|
| 952 |
f |
f |
|p Can circulate
|a CAVAL
|b CAVAL
|c CAVAL
|d CARM 1 Store
|e B05540
|f A2:AK28B0
|h Other scheme
|i book
|m 0241705
|